Security Enhanced Applications for Information Systems (E-Book) (Record no. 196740)

000 -LEADER
fixed length control field 00292 a2200121 4500
003 - CONTROL NUMBER IDENTIFIER
control field Nust
005 - DATE AND TIME OF LATEST TRANSACTION
control field 20170207154320.0
022 ## - INTERNATIONAL STANDARD SERIAL NUMBER
International Standard Serial Number 9789535106432
040 ## - CATALOGING SOURCE
Transcribing agency Nust
245 ## - TITLE STATEMENT
Title Security Enhanced Applications for Information Systems (E-Book)
Statement of responsibility, etc. Christos Kalloniatis
260 ## - PUBLICATION, DISTRIBUTION, ETC.
Date of publication, distribution, etc. 2012
300 ## - PHYSICAL DESCRIPTION
Extent 234 p
651 ## - SUBJECT ADDED ENTRY--GEOGRAPHIC NAME
Geographic name E-Book
Holdings
Withdrawn status Lost status Source of classification or shelving scheme Damaged status Not for loan Collection code Current Location Date acquired Total Checkouts Barcode Date last seen Price effective from Koha item type
            Military College of Signals (MCS) 12/12/2016   MCSEB-3133 12/08/2016 12/12/2016 Book
© 2023 Central Library, National University of Sciences and Technology. All Rights Reserved.